50 самых популярных названий улиц в РФ - Statistics

General Stats
  • This quiz has been taken 927 times
  • The average score is 12 of 50
Answer Stats
Число улиц Название % Correct
8466 Ленина
96%
3400 Пушкина
67%
13053 Советская
50%
5583 Гагарина
50%
8751 Мира
49%
22166 Центральная
48%
3069 Победы
43%
7043 Октябрьская
34%
3995 Южная
33%
4255 Северная
32%
3847 Кирова
31%
13703 Лесная
30%
6032 Комсомольская
30%
3596 Восточная
30%
15042 Школьная
28%
3206 Школьный
28%
12318 Садовая
27%
10531 Набережная
26%
3681 Речная
26%
12473 Новая
23%
2848 Заводская
23%
8860 Зеленая
22%
5430 Первомайская
22%
2183 Горького
22%
16623 Молодежная
21%
3738 Пионерская
21%
2862 Строителей
20%
3196 Озерная
19%
2968 Калинина
19%
3285 Пролетарская
18%
2350 Дружбы
18%
2132 Парковая
18%
3137 Рабочая
17%
4241 Солнечная
16%
3273 Железнодорожная
16%
8032 Полевая
15%
7645 Луговая
14%
9393 Заречная
13%
3591 Колхозная
13%
2337 Дорожная
13%
2168 Спортивная
13%
2903 Чапаева
11%
3935 Береговая
10%
3716 Юбилейная
10%
3102 Дачная
10%
3610 Нагорная
9%
2488 Совхозная
9%
4177 Степная
8%
2136 Подгорная
7%
2486 Кооперативная
5%
No matching quizzes found
Score Distribution
Percent of People with Each Score
Percentile by Number Answered
Your Score History
You have not taken this quiz